| 000 | 00826pam a2200289 a 4500 | ||
|---|---|---|---|
| 999 |
_c5196 _d5196 |
||
| 001 | 5196 | ||
| 003 | BD-JhCC | ||
| 005 | 20171210164149.0 | ||
| 008 | 870408s1987 coua b 001 0 eng | ||
| 020 |
_a0813305330 : _c$40.22 |
||
| 035 | _a(BD-JhCC) | ||
| 040 |
_aDLC _cDLC _dDLC |
||
| 041 | _aeng | ||
| 050 | 0 | 0 |
_aHB99.7 _b.Y68 1987 |
| 082 | 0 | 0 |
_a330.15/6 _219 _bWAR 1987 |
| 100 | 1 |
_aYoung, Warren, _d1949- |
|
| 245 | 1 | 0 |
_aInterpreting Mr Keynes : _bthe IS-LM enigma / _cWarren Young. |
| 260 |
_aBoulder, Colo. : _bWestview Press, _c1987. |
||
| 300 |
_axii, 218 p. : _bill. ; _c24 cm. |
||
| 500 | _aIncludes index. | ||
| 504 | _aBibliography: p. [203]-212. | ||
| 600 | 1 | 0 |
_aKeynes, John Maynard, _d1883-1946. |
| 650 | 0 | _aKeynesian economics. | |
| 650 | 0 | _aIS-LM model (Macroeconomics) | |
| 942 |
_2ddc _cBK |
||